| 000 | 00774cam2a220024100 4500 | ||
|---|---|---|---|
| 001 | qcf00102210 | ||
| 005 | 20190826084813.0 | ||
| 008 | 840307c19691966fr ab b 000 0 fre d | ||
| 035 | _a(Sirsi) r101931 | ||
| 035 | _a(QCAT)lss04035194 | ||
| 035 | _a(UPRA)qcf00102210 | ||
| 040 | _dUPRA | ||
| 050 | 0 | _a D 116.7.13 Lac | |
| 100 | 1 |
_aLacoste, Yves. _6A50120.1 |
|
| 245 | 1 | 0 |
_aIbn Khaldoun : _bnaissance de l'histoire, passe du Tiers-monde. |
| 250 | _a2e ed. | ||
| 260 |
_aParis : _bF. Maspero, _c1969, [c1966] |
||
| 490 | 0 |
_aTextes a l'appui _6S359.1 |
|
| 504 | _aBibliographical footnotes. | ||
| 600 | 0 | 0 |
_aIbn Khaldun, 1332-1406. _dIbn Khaldun, 1332-1406. _6S29949.1 |
| 949 |
_a D 116.7.13 Lac _wlcc _c 1 _i33729000018585 _mMAIN _p2500 _tBOOK _lON-SHELF |
||
| 004 | 101931 | ||
| 999 |
_c157849 _d157849 |
||